000
00263nam a2200109Ia 4500
008
190216s9999||||xx |||||||||||||| ||und||
100
_a
Vivekiray
245
0
_a
Hindi-Njanabodan Soukiye
260
_b
New Age International Publishers
300
_a
123
942
_c
BK
999
_c
15905
_d
15905